000 00349nam a2200121Ia 4500
008 220204s9999 xx 000 0 und d
082 _aNR:338.45:061.3
_bPRO
245 0 _aProceedings of the seminar on industry experience in natural rubber processing
260 _aMalaysia
_c1983
650 _aCrumb rubber
650 _aSheet drying
942 _cBK
999 _c40166
_d40166